| 000 | 01048namaa2200217 i 4500 | ||
|---|---|---|---|
| 001 | 174234 | ||
| 003 | ES-MaACL | ||
| 005 | 20250815105705.0 | ||
| 008 | 100308s1914 sp | |||| ||spa d | ||
| 080 | _a591.463.1:595.7 | ||
| 100 | 1 |
_aFernández Nonidez, José. _949958 |
|
| 245 | 1 | 4 |
_aLos cromosomas en la espermatogénesis del "Blaps lusitánica" Herbst / _cpor José Fernández-Nonidez. |
| 260 |
_aMadrid : _bJunta para Ampliación de Estudios e Investigaciones Científicas : _bInstituto Nacional de Ciencias Físico-Naturales, _c1914 ( _fImp. Clásica Española) |
||
| 300 |
_a97 p., [4] h. de lám. ; _c23 cm. |
||
| 490 | 1 |
_aTrabajos del Museo Nacional de Ciencias Naturales. Serie zoológica ; _v18 |
|
| 650 | 4 |
_aEspermatogénesis. _9142335 |
|
| 710 | 2 |
_aJunta para la Ampliación de Estudios e Investigaciones Científicas. _95413 |
|
| 830 | 0 | 0 |
_aTrabajos del Museo Nacional de Ciencias Naturales. _pSerie zoológica _v18 _9189348 |
| 852 |
_aES-MaACL _jB-13148(5) _z.- Encuadernado con otras obras |
||
| 999 |
_c174234 _d174234 |
||